Statistics for This Day in Sports (August 9)

Click here to take the quiz!

General Stats

  • This quiz has been taken 9 times
  • The average score is 7 of 9

Answer Stats

QuestionAnswer% Correct
1975: The first NFL game is played in this New Orleans stadium.Superdome
100%
1988: The Edmonton Oilers trade this NHL legend to the LA Kings for 20 million dollars.Wayne Gretzky
100%
1905: MLB legend Ty Cobb’s mother kills her husband after mistaking him for what?Burglar
88%
1988: This team plays their first home game at night in Wrigley Field.Chicago Cubs
88%
1936: Sohn Kee-chung wins a marathon gold medal for Japan. What country was he actually from?Korea
88%
2012: Sprinter Usain Bolt wins the 200m at the Olympics in this city.London
88%
2012: This country beats Japan in the Olympics for the gold medal.USA
75%
1928: This Hall of Fame Boston Celtics point guard is born.Bob Cousy
63%
2018: This EPL club fails to bring in one player during the transfer window.Tottenham
13%

Score Distribution

Percentile by Number Answered

Percent of People with Each Score

Your Score History

You have not taken this quiz